Statistics for Memphis General Knowledge

Click here to take the quiz!

General Stats

  • This quiz has been taken 45 times
  • The average score is 7 of 10

Answer Stats

HintAnswer% Correct
Famous street and historic district, known for musicBeale Street
92%
Basketball team for the city of MemphisGrizzlies
92%
Famous rock and roll singer who lived and died in MemphisElvis Presley
89%
Iconic mansion where Elvis Presley lived and diedGraceland
87%
Major courier company headquarted in Memphis, _____ ForumFedEx
74%
Famous historic recording studio in the medical district Sun Studio
61%
City nickname, coming from above teams motto "Grit and ____"Grind City
58%
Well known historic luxury hotel in the heart of downtownThe Peabody
58%
Famous historic motel where Martin Luther King Jr. was shotLorraine
55%
Famous style of food well known in MemphisBarbecue
37%

Score Distribution

Percentile by Number Answered

Percent of People with Each Score

Your Score History

You have not taken this quiz